<?xml version="1.0" encoding="UTF-8"?>
<marc:record xmlns:marc="http://www.loc.gov/MARC21/slim">
   <marc:leader>00000nam a2200000 a 4500</marc:leader>
   <marc:datafield ind1="1" ind2=" " tag="100">
      <marc:subfield code="a">Levell, Lis</marc:subfield>
      <marc:subfield code="4">aut</marc:subfield>
      <marc:subfield code="e">Verfasser/-in</marc:subfield>
   </marc:datafield>
   <marc:datafield ind1=" " ind2=" " tag="653">
      <marc:subfield code="a">Erzählende Literatur: Gegenwartsliteratur ab 1945</marc:subfield>
   </marc:datafield>
   <marc:datafield ind1=" " ind2=" " tag="653">
      <marc:subfield code="a">Fiktionale Darstellung</marc:subfield>
   </marc:datafield>
   <marc:datafield ind1=" " ind2=" " tag="653">
      <marc:subfield code="a">Frauen-WG</marc:subfield>
   </marc:datafield>
   <marc:datafield ind1="0" ind2="0" tag="245">
      <marc:subfield code="a">Meine drei Mütter und ich</marc:subfield>
   </marc:datafield>
   <marc:datafield ind1="0" ind2="0" tag="245">
      <marc:subfield code="c">Lis Levell</marc:subfield>
   </marc:datafield>
   <marc:datafield ind1=" " ind2="1" tag="264">
      <marc:subfield code="a">Wördern</marc:subfield>
      <marc:subfield code="b">edition 2t_BUCH</marc:subfield>
      <marc:subfield code="c">2024</marc:subfield>
   </marc:datafield>
   <marc:datafield ind1="1" ind2=" " tag="520">
      <marc:subfield code="a">Quelle: bn.bibliotheksnachrichten (http://www.biblio.at/literatur/bn/index.html); #Autor: Birgit Leitner; #Ein temporeiches Frauenbuch der ganz besonderen Art. (DR)#Wenn vier Frauen in einem Haushalt zusammenleben, geht es schon recht turbulent, ausgelassen und manchmal auch spannungsgeladen zu. Die Jüngste unter ihnen ist Franziska, liebevoll Fran genannt, die ohne Vater aufwächst, aber dafür in einer Wohngemeinschaft mit ihrer Mutter Dagmar und deren Freundinnen Brigitte und Joanna leben darf. Da wird eine Vielzahl von Frauenthemen angesprochen, sehr divergent diskutiert und in unterschiedlichen Perspektiven reflektiert. Mit großer Emotionalität wird in diesem verwegenen Vierergespann miteinander gestritten, gelacht und geweint, letztlich profitieren alle voneinander.#Die Hausfrau Brigitte, deren Ehemann Herbert immer wieder Liebschaften mit jüngeren Frauen pflegte, findet in diesem Haushalt vielfältige Möglichkeiten, ihren Perfektionismus weiter auszuleben. Die chaotische Künstlerin Joanna bringt Abstand zur Wirklichkeit, Zwanglosigkeit, laute Musik und einen Touch Anarchie in die Damenwelt. Der leiblichen Mutter Dagmar passieren reichlich Hoppalas, sie ist immer wieder auf die Unterstützung der Frauen angewiesen.#Ein buntes Leben, in dem natürlich auch die Männer eine nicht unwesentliche Rolle spielen. Mit Witz und Charme bespielt Lis Levell die Klischees und Vorurteile der Frauenwelt und versteht es, das Quartett unterhaltsam und sympathisch darzustellen. Ein unbeschwertes Lesevergnügen.</marc:subfield>
   </marc:datafield>
   <marc:datafield ind1=" " ind2=" " tag="020">
      <marc:subfield code="a">9783903273177</marc:subfield>
      <marc:subfield code="9">9783903273177</marc:subfield>
   </marc:datafield>
   <marc:datafield ind1=" " ind2=" " tag="041">
      <marc:subfield code="a">ger</marc:subfield>
   </marc:datafield>
   <marc:datafield ind1=" " ind2=" " tag="300">
      <marc:subfield code="a">207 Seiten</marc:subfield>
   </marc:datafield>
</marc:record>
